<?xml version="1.0" encoding="UTF-8"?>
<collection xmlns="http://www.loc.gov/MARC21/slim">
 <record>
  <leader>00873nam#a2200265#c#4500</leader>
  <controlfield tag="001">UMA-000047</controlfield>
  <controlfield tag="003">UMA</controlfield>
  <controlfield tag="005">20240521    160128</controlfield>
  <controlfield tag="008">240521suuuu####   ##########||||#0#spa#d</controlfield>
  <datafield tag="020" ind1="#" ind2="#">
   <subfield code="a">9789879413883</subfield>
  </datafield>
  <datafield tag="041" ind1="0" ind2="#">
   <subfield code="a">spa</subfield>
  </datafield>
  <datafield tag="044" ind1="#" ind2="#">
   <subfield code="a">ag</subfield>
  </datafield>
  <datafield tag="082" ind1="0" ind2="4">
   <subfield code="a">SEDE CENTRAL 378 COL v.3</subfield>
  </datafield>
  <datafield tag="110" ind1="#" ind2="#">
   <subfield code="a">Colección Educación Superior </subfield>
   <subfield code="n">3</subfield>
  </datafield>
  <datafield tag="245" ind1="1" ind2="0">
   <subfield code="a">Enfocar la enseñanza universitaria</subfield>
   <subfield code="b">Miradas que enriquecen los aprendizajes</subfield>
  </datafield>
  <datafield tag="260" ind1="#" ind2="#">
   <subfield code="a">Buenos Aires</subfield>
   <subfield code="b">ISALUD (Universidad ISALUD)</subfield>
   <subfield code="c">2023</subfield>
  </datafield>
  <datafield tag="300" ind1="#" ind2="#">
   <subfield code="a">90 páginas</subfield>
   <subfield code="c">22 x 16 cm</subfield>
  </datafield>
  <datafield tag="336" ind1="#" ind2="#">
   <subfield code="a">texto</subfield>
   <subfield code="b">txt</subfield>
   <subfield code="2">rdacontent</subfield>
  </datafield>
  <datafield tag="337" ind1="#" ind2="#">
   <subfield code="a">no mediado</subfield>
   <subfield code="b">n</subfield>
   <subfield code="2">rdamedia</subfield>
  </datafield>
  <datafield tag="338" ind1="#" ind2="#">
   <subfield code="a">volumen</subfield>
   <subfield code="b">nc</subfield>
   <subfield code="2">rdacarrier</subfield>
  </datafield>
  <datafield tag="650" ind1="#" ind2="0">
   <subfield code="a">Educación superior</subfield>
  </datafield>
  <datafield tag="650" ind1="#" ind2="0">
   <subfield code="a">Sede Central</subfield>
  </datafield>
  <datafield tag="650" ind1="#" ind2="0">
   <subfield code="a">Enseñanza universitaria</subfield>
  </datafield>
  <datafield tag="650" ind1="#" ind2="0">
   <subfield code="a">Entrevistas en pandemia</subfield>
  </datafield>
  <datafield tag="700" ind1="0" ind2="#">
   <subfield code="a">Mariana Ferrarelli, Silvia Reboredo de Zambonini, María José Sabelli</subfield>
   <subfield code="e">Compiladoras</subfield>
  </datafield>
 </record>
</collection>
